000 00629nam a2200241Ia 4500
003 OSt
005 20220918222530.0
006 a|||||r|||| 00| 0
007 ta
008 220917b |||||||| |||| 00| 0 eng d
024 _a217,208
037 _cTextual
040 _aARTS
_cARTS
_beng
041 _2eng
_aeng
082 _aY:345v3.M, N9
100 _aJalland Pat
_9143406
245 0 _aDeath in the victorian family
260 _aNew York
_bOxford Univ. Press
_c1999
300 _axii, 464p
_ccm.
650 _aSOCIOLOGY
942 _hY:345v3.M, N9
_cTEXL
_2CC
999 _c275806
_d275806